Security technologies for the World Wide Web

Gespeichert in:
Bibliographische Detailangaben
1. Verfasser: Oppliger, Rolf (Verfasst von)
Format: Buch
Sprache:Englisch
Veröffentlicht: Boston : Artech House, 2000
Schlagworte:
Tags: Tag hinzufügen
Keine Tags, Fügen Sie das erste Tag hinzu!

MARC

LEADER 00000nam a22000003a 4500
001 stu55787
005 20150617225624.8
008 001130s2000----xxu-----------------eng-d
020 |a 1-58053-045-1 
040 |a STU  |b slo 
041 0 |a eng 
044 |a xxu 
080 |a 681.324.01.004.4 
080 |a 519.68 
084 |a B6120B  |2 INS  |7 stu_us_auth*stu6506 
084 |a B6210L  |2 INS 
084 |a C5620  |2 INS 
084 |a C6130S  |2 INS 
084 |a D1060  |2 INS 
100 1 |a Oppliger, Rolf  |4 aut 
245 1 |a Security technologies for the World Wide Web 
260 |a Boston :  |b Artech House,  |c 2000 
300 |a 419 s 
650 7 |a zabezpečenie dát  |2 stusub 
650 7 |a ochrana dát  |2 stusub 
650 7 |a počítačové siete  |2 stusub 
650 7 |a internet  |2 stusub 
650 7 |a World Wide Web  |2 estusub 
650 7 |a riadenie prístupu  |2 stusub 
650 7 |a autentifikácia  |2 stusub 
650 7 |a komunikačné protokoly  |2 stusub 
650 7 |a verejné kľúčovacie systémy  |2 stusub 
650 7 |a elektronické platby  |2 stusub 
650 7 |a kryptosystémy  |2 stusub 
650 7 |a SSL  |2 stusub 
650 7 |a TLS  |2 stusub 
996 |b 284IK06684  |c I*6B5378  |l I  |s A  |a 24  |w stu55787_0001